| 000 | 00634nam a2200229 a 4500 | ||
|---|---|---|---|
| 005 | 20210219153115.0 | ||
| 008 | 991125n 000 0 u | ||
| 035 | _aUPN01000078282 | ||
| 100 | _aTan, C. M. | ||
| 222 | _aHIGHER EDUCATION | ||
| 245 | _aA evaluation of the use of continous assessment in the teaching of physiology | ||
| 300 | _a255-272 | ||
| 362 | _a23, No. 3, 1992 | ||
| 505 | _aSeptiembre 1992 | ||
| 653 | 0 | _aACTITUDES DEL ESTUDIANTE | |
| 653 | 0 | _aDISE\197O CURRICULAR | |
| 653 | 0 | _aEDUCACION MEDICA | |
| 653 | 0 | _aENSAYOS | |
| 653 | 0 | _aEVALUACION FORMATIVA | |
| 904 |
_aAC _b016093 |
||
| 905 | _aArticulo | ||
| 999 |
_c68625 _d68625 |
||